Normal view
MARC view
- White, John A. Bozer, Yavuz A. Tanchoco, J.M.A
Entry Corporate Name
001 - CONTROL NUMBER
- control field: 83648
003 - CONTROL NUMBER IDENTIFIER
- control field: NUST
005 - DATE AND TIME OF LATEST TRANSACTION
- control field: 20211102115131.0
008 - FIXED-LENGTH DATA ELEMENTS
- fixed length control field: 211102|| aca||aabn | a|a d
040 ## - CATALOGING SOURCE
- Original cataloging agency: NUST
- Transcribing agency: NUST
110 ## - HEADING--CORPORATE NAME
- Corporate name or jurisdiction name as entry element: White, John A. Bozer, Yavuz A. Tanchoco, J.M.A
670 ## - SOURCE DATA FOUND
- Source citation: Work cat.: (NUST): Tompkins, James A. 83647, Facilities planning, 2010
